Wyoming County Seats by Population - Statistics

General Stats
  • This quiz has been taken 7 times
  • The average score is 18 of 23
Answer Stats
Answer County Population % Correct
Casper Natrona 59,038
100%
Cheyenne Laramie 65,132
100%
Evanston Uinta 11,747
100%
Gillette Campbell 33,403
100%
Jackson Teton 10,760
100%
Laramie Albany 31,407
100%
Rawlins Carbon 8,221
100%
Sheridan Sheridan 18,737
100%
Buffalo Johnson 4,415
75%
Cody Park 10,028
75%
Douglas Converse 6,386
75%
Green River Sweetwater 11,285
75%
Kemmerer Lincoln 2,415
75%
Lander Fremont 7,546
75%
Pinedale Sublette 2,005
75%
Torrington Goshen 6,119
75%
Wheatland Platte 3,588
75%
Worland Washakie 4,733
75%
Basin Big Horn 1,288
50%
Lusk Niobrara 1,541
50%
Newcastle Weston 3,374
50%
Sundance Crook 1,032
50%
Thermopolis Hot Springs 2,725
50%
No matching quizzes found
Score Distribution
Percent of People with Each Score
Percentile by Number Answered
Your Score History
You have not taken this quiz